000 00488cam a2200145 4500500
005 20251012032611.0
041 _afre
042 _adc
100 1 0 _aLévi, Florence
_eauthor
245 0 0 _aAlain Ollivier, Piétiner la scène, Seuil, « Verticales », janvier 2002, 190 pages.
260 _c2007.
500 _a93
786 0 _nSigila | 20 | 2 | 2007-12-20 | p. 204-204 | 1286-1715
856 4 1 _uhttps://shs.cairn.info/revue-sigila-2007-2-page-204?lang=fr&redirect-ssocas=7080
999 _c1547817
_d1547817